[Event "2. Bundesliga Ost 2009/2010"]
[Site "17+18.10Zwettl14+15.11Poechlarn"]
[Date "2009.10.17"]
[Round "1"]
[Board "3"]
[White "Todor, Razvan"]
[Black "Schlosser, Michael"]
[Result "0-1"]
[WhiteElo "2201"]
[BlackElo "2345"]
[PlyCount "76"]
[EventDate "2009.10.17"]
[EventType "team"]
[EventRounds "11"]
[EventCountry "AUT"]
[WhiteTeam "1. Wr. Neustaedter SV"]
[BlackTeam "Aljechin/Wieden"]

1.e4 g6 2.d4 Bg7 3.Nc3 d6 4.Nf3 a6 5.Be3 b5 6.Bd3 Bb7 7.a4 b4 8.Ne2 Nf6 9.Ng3 h5
10.Bg5 Nbd7 11.Qe2 Nh7 12.Bd2 h4 13.Nf1 c5 14.c3 bxc3 15.bxc3 Nhf6 16.d5 Bh6
17.Ne3 Bxe3 18.Qxe3 h3 19.gxh3 Rxh3 20.Bf1 Rh5 21.Ng5 Rxg5 22.Qxg5 Nxe4 23.Qh6
Bxd5 24.Qh8+ Nf8 25.Bh6 Kd7 26.Rd1 Bc6 27.Bh3+ f5 28.Rg1 Qa5 29.Bxf8 Rxf8
30.Qxf8 Qxc3+ 31.Kf1 Qxh3+ 32.Rg2 Nd2+ 33.Rxd2 Qxg2+ 34.Ke1 Qg1+ 35.Ke2 Bf3+
36.Kd3 Qb1+ 37.Kc3 Qb4+ 38.Kd3 Qb3#

[Event "2. Bundesliga Ost 2009/2010"]
[Site "17+18.10Zwettl14+15.11Poechlarn"]
[Date "2009.10.17"]
[Round "1"]
[Board "4"]
[White "Wirius, Johannes"]
[Black "Steiner, Adam"]
[Result "0-1"]
[WhiteElo "2177"]
[BlackElo "2188"]
[PlyCount "72"]
[EventDate "2009.10.17"]
[EventType "team"]
[EventRounds "11"]
[EventCountry "AUT"]
[WhiteTeam "Aljechin/Wieden"]
[BlackTeam "1. Wr. Neustaedter SV"]

1.c4 e5 2.Nc3 Nf6 3.d3 Nc6 4.g3 d5 5.cxd5 Nxd5 6.Bg2 Nb6 7.Nf3 Be7 8.Bd2 O-O
9.O-O Re8 10.a4 a5 11.Rc1 Bf8 12.h3 Nd4 13.Nxd4 exd4 14.Ne4 c6 15.Re1 Nd5 16.Qb3
Bb4 17.Bxb4 Nxb4 18.Rc5 Be6 19.Qd1 Qb6 20.Rh5 Nd5 21.Nd6 Nf6 22.Nxe8 Nxh5 23.Nd6
Qb4 24.Nc4 Nf6 25.b3 Nd5 26.Rf1 b5 27.axb5 cxb5 28.Bxd5 Bxd5 29.Nd2 a4 30.bxa4
bxa4 31.Nf3 a3 32.Qa1 Bxf3 33.exf3 a2 34.Kg2 h6 35.Rc1 Qc3 36.Rxc3 dxc3

[Event "2. Bundesliga Ost 2009/2010"]
[Site "17+18.10Zwettl14+15.11Poechlarn"]
[Date "2009.10.17"]
[Round "1"]
[Board "5"]
[White "Wiedner, Robert"]
[Black "Hadjieff, Dieter"]
[Result "1-0"]
[WhiteElo "2199"]
[BlackElo "2209"]
[PlyCount "70"]
[EventDate "2009.10.17"]
[EventType "team"]
[EventRounds "11"]
[EventCountry "AUT"]
[WhiteTeam "1. Wr. Neustaedter SV"]
[BlackTeam "Aljechin/Wieden"]

1.e4 c5 2.Nf3 e6 3.d4 cxd4 4.Nxd4 a6 5.c4 Nf6 6.Bd3 Nc6 7.Nc2 Qc7 8.O-O Ne5
9.Ne3 d6 10.Nc3 Be7 11.b3 O-O 12.Bb2 b6 13.Rc1 Bb7 14.Bb1 Rac8 15.Qd4 Rfe8
16.Rfd1 Bf8 17.Ba3 Nc6 18.Qd2 Rcd8 19.Ncd5 exd5 20.cxd5 Qd7 21.dxc6 Bxc6 22.f3
d5 23.Bxf8 Rxf8 24.e5 d4 25.exf6 dxe3 26.Qc2 Be4 27.Rxd7 Bxc2 28.Rxd8 Rxd8
29.Bxc2 gxf6 30.Rd1 Rc8 31.Bd3 Kg7 32.Kf1 Rc5 33.Ke2 Re5 34.f4 Re7 35.Rc1 Re8

[Event "2. Bundesliga Ost 2009/2010"]
[Site "17+18.10Zwettl14+15.11Poechlarn"]
[Date "2009.10.17"]
[Round "1"]
[Board "6"]
[White "Batyte, Daiva"]
[Black "Ligezinski, Martin"]
[Result "1-0"]
[WhiteElo "2124"]
[BlackElo "2140"]
[PlyCount "40"]
[EventDate "2009.10.17"]
[EventType "team"]
[EventRounds "11"]
[EventCountry "AUT"]
[WhiteTeam "Aljechin/Wieden"]
[BlackTeam "1. Wr. Neustaedter SV"]

1.Nf3 Nf6 2.c4 g6 3.g3 Bg7 4.Bg2 O-O 5.O-O d6 6.Nc3 a6 7.d4 c6 8.e4 Qc7 9.Bf4
Nh5 10.Be3 b5 11.cxb5 axb5 12.a3 Nd7 13.Qc1 Ba6 14.Nd5 Qd8 15.Qxc6 Nhf6 16.Nxf6+
Nxf6 17.e5 dxe5 18.Nxe5 Qa5 19.Qc5 Rae8 20.a4 Ra8

[Event "2. Bundesliga Ost 2009/2010"]
[Site "17+18.10Zwettl14+15.11Poechlarn"]
[Date "2009.10.17"]
[Round "1"]
[Board "1"]
[White "Videki, Sandor"]
[Black "Polak, Thomas"]
[Result "1/2-1/2"]
[WhiteElo "2450"]
[BlackElo "2507"]
[PlyCount "61"]
[EventDate "2009.10.17"]
[EventType "team"]
[EventRounds "11"]
[EventCountry "AUT"]
[WhiteTeam "Spg Data Technology Eichgraben/P."]
[BlackTeam "SK Zwettl"]

1.d4 d5 2.c4 c6 3.Nc3 Nf6 4.Nf3 a6 5.a4 e6 6.e3 a5 7.Be2 Be7 8.O-O O-O 9.Qb3
Nbd7 10.Rd1 Qb6 11.Qc2 Rd8 12.b3 Nf8 13.Ne5 Ng6 14.Nxg6 hxg6 15.Ba3 Bxa3 16.Rxa3
Bd7 17.Raa1 Rac8 18.Qb2 dxc4 19.Bxc4 Be8 20.Rd2 Qb4 21.Be2 c5 22.Na2 Qb6 23.Rad1
cxd4 24.Rxd4 Rxd4 25.Rxd4 e5 26.Rd2 Ne4 27.Rc2 Rxc2 28.Qxc2 Nc5 29.Bc4 Qd6
30.Nc3 Bc6 31.f3

[Event "2. Bundesliga Ost 2009/2010"]
[Site "17+18.10Zwettl14+15.11Poechlarn"]
[Date "2009.10.17"]
[Round "1"]
[Board "2"]
[White "Blatny, Pavel"]
[Black "Ganaus, Hannes"]
[Result "1-0"]
[WhiteElo "2407"]
[BlackElo "2281"]
[PlyCount "81"]
[EventDate "2009.10.17"]
[EventType "team"]
[EventRounds "11"]
[EventCountry "AUT"]
[WhiteTeam "SK Zwettl"]
[BlackTeam "Spg Data Technology Eichgraben/P."]

1.b3 d5 2.e3 Nf6 3.Bb2 g6 4.c4 Bg7 5.cxd5 Qxd5 6.Nc3 Qd8 7.d4 O-O 8.Qc2 Nc6
9.Nf3 Nb4 10.Qd2 Nbd5 11.Nxd5 Qxd5 12.Bc4 Qh5 13.Qb4 e6 14.Be2 Qd5 15.O-O Ne4
16.Rfd1 a5 17.Qe1 Bd7 18.Rac1 Rfc8 19.Ne5 Be8 20.Bf3 b6 21.Nd3 g5 22.Rc2 f6
23.Rdc1 Ra7 24.Qd1 Bf8 25.g4 Bd6 26.Bg2 Be7 27.h4 h6 28.f4 Bg6 29.hxg5 hxg5
30.fxg5 Qxg5 31.Nf4 Bd6 32.Qf3 Bh7 33.Nxe6 Qh4 34.Nf4 Kh8 35.d5 Rg8 36.Rc4 Qxg4
37.Rxe4 Bxe4 38.Bxf6+ Kh7 39.Qxe4+ Kh6 40.Rf1 Raa8 41.Kf2

[Event "2. Bundesliga Ost 2009/2010"]
[Site "17+18.10Zwettl14+15.11Poechlarn"]
[Date "2009.10.17"]
[Round "1"]
[Board "3"]
[White "Neumeier, Klaus"]
[Black "Pisk, Petr"]
[Result "1/2-1/2"]
[WhiteElo "2391"]
[BlackElo "2346"]
[PlyCount "70"]
[EventDate "2009.10.17"]
[EventType "team"]
[EventRounds "11"]
[EventCountry "AUT"]
[WhiteTeam "Spg Data Technology Eichgraben/P."]
[BlackTeam "SK Zwettl"]

1.e4 c5 2.Nf3 d6 3.d4 Nf6 4.Nc3 cxd4 5.Nxd4 g6 6.Be3 Bg7 7.f3 O-O 8.Qd2 Nc6
9.Bc4 Bd7 10.O-O-O Qa5 11.Bb3 Rfc8 12.Kb1 Ne5 13.h4 Nc4 14.Bxc4 Rxc4 15.Nb3 Qc7
16.g4 Be6 17.Bd4 a5 18.g5 Nh5 19.Bxg7 Kxg7 20.Nd4 Rc8 21.f4 Rxc3 22.bxc3 Bc4
23.f5 Qc5 24.Nb3 Qb5 25.f6+ exf6 26.Ka1 Qe5 27.Qd4 a4 28.Nd2 Be2 29.Rde1 Ba6
30.Qxe5 fxe5 31.Kb2 Nf4 32.a3 Rc6 33.Rh2 Rb6+ 34.Kc1 Rc6 35.Kb2 Rb6+

[Event "2. Bundesliga Ost 2009/2010"]
[Site "17+18.10Zwettl14+15.11Poechlarn"]
[Date "2009.10.17"]
[Round "1"]
[Board "4"]
[White "Vyskocil, Neklan"]
[Black "Weissenbeck, Manuel"]
[Result "1/2-1/2"]
[WhiteElo "2355"]
[BlackElo "2252"]
[PlyCount "82"]
[EventDate "2009.10.17"]
[EventType "team"]
[EventRounds "11"]
[EventCountry "AUT"]
[WhiteTeam "SK Zwettl"]
[BlackTeam "Spg Data Technology Eichgraben/P."]

1.d4 Nf6 2.Bg5 c5 3.d5 d6 4.Nc3 e5 5.dxe6 Bxe6 6.e4 Be7 7.Bb5+ Nc6 8.Nf3 O-O
9.O-O Rc8 10.h3 a6 11.Bxc6 Rxc6 12.Qd2 h6 13.Bxf6 Bxf6 14.Rad1 Qb8 15.b3 b5
16.Nd5 Bxd5 17.Qxd5 Qc7 18.Nh2 Re8 19.Ng4 Bd4 20.Rd3 b4 21.Rg3 Kf8 22.Qf5 Qe7
23.Re1 Qe6 24.Qh7 Qg6 25.Qxg6 fxg6 26.Ne3 Rxe4 27.Rxg6 Bxe3 28.Rxe3 Rxe3 29.fxe3
Kf7 30.Rg4 d5 31.Kf2 c4 32.Rd4 Ke6 33.e4 dxe4 34.bxc4 Rc5 35.Rxe4+ Kd6 36.Ke3
Ra5 37.Kd4 Rxa2 38.c5+ Kd7 39.Kd3 Ra3+ 40.Kc4 Rc3+ 41.Kxb4 Rxc2

[Event "2. Bundesliga Ost 2009/2010"]
[Site "17+18.10Zwettl14+15.11Poechlarn"]
[Date "2009.10.17"]
[Round "1"]
[Board "5"]
[White "Hechl, Gerald"]
[Black "Stadler, Peter"]
[Result "1-0"]
[WhiteElo "2244"]
[BlackElo "2169"]
[PlyCount "37"]
[EventDate "2009.10.17"]
[EventType "team"]
[EventRounds "11"]
[EventCountry "AUT"]
[WhiteTeam "Spg Data Technology Eichgraben/P."]
[BlackTeam "SK Zwettl"]

1.e4 c5 2.a3 e6 3.b4 cxb4 4.axb4 Bxb4 5.Bb2 Nf6 6.e5 Nd5 7.c4 Ne7 8.Na3 Qb6
9.Nb5 O-O 10.Bd3 Nbc6 11.Qh5 g6 12.Qh6 Nf5 13.Bxf5 exf5 14.Nf3 Re8 15.Ng5 Nxe5
16.Qxh7+ Kf8 17.Qh8+ Ke7 18.Qxe5+ Kf8 19.Nh7+

[Event "2. Bundesliga Ost 2009/2010"]
[Site "17+18.10Zwettl14+15.11Poechlarn"]
[Date "2009.10.17"]
[Round "1"]
[Board "6"]
[White "Lipp, Alfred"]
[Black "Pichler, Michael"]
[Result "0-1"]
[WhiteElo "2106"]
[BlackElo "2154"]
[PlyCount "120"]
[EventDate "2009.10.17"]
[EventType "team"]
[EventRounds "11"]
[EventCountry "AUT"]
[WhiteTeam "SK Zwettl"]
[BlackTeam "Spg Data Technology Eichgraben/P."]

1.d4 e6 2.c4 d5 3.Nc3 Nf6 4.Bg5 Nbd7 5.e3 c6 6.Nf3 Qa5 7.Nd2 dxc4 8.Bxf6 Nxf6
9.Nxc4 Qc7 10.Be2 Be7 11.O-O O-O 12.Rc1 Rd8 13.Qc2 Bd7 14.a3 c5 15.dxc5 Bxc5
16.b4 Bf8 17.Rfd1 Rac8 18.Qb3 Be8 19.Rxd8 Rxd8 20.Rd1 Rc8 21.a4 a6 22.a5 Ng4
23.g3 Ne5 24.Nxe5 Qxe5 25.Na4 Bc6 26.Nb6 Re8 27.Rd4 Qc7 28.h4 Rd8 29.Qc3 Rxd4
30.Qxd4 Qd6 31.Qxd6 Bxd6 32.b5 axb5 33.Nc8 Bc5 34.Kf1 Kf8 35.Bd3 g6 36.Ke2 Ke8
37.Kd1 Kd7 38.Nb6+ Kc7 39.Kc2 Bxb6 40.axb6+ Kxb6 41.h5 Kc5 42.f4 Bf3 43.h6 f5
44.Kc3 b4+ 45.Kb2 Be4 46.Be2 Bd5 47.g4 fxg4 48.Bxg4 Kd6 49.Be2 e5 50.Bd3 e4
51.Be2 Ke6 52.Bg4+ Kf6 53.Bh3 g5 54.f5 g4 55.Bxg4 Kg5 56.Bh3 Kxh6 57.Kc2 Kg5
58.Kd2 h5 59.Kc2 Kh4 60.Bf1 Kg4

[Event "2. Bundesliga Ost 2009/2010"]
[Site "17+18.10Zwettl14+15.11Poechlarn"]
[Date "2009.10.18"]
[Round "2"]
[Board "1"]
[White "Wukits, Rene"]
[Black "Polak, Thomas"]
[Result "0-1"]
[WhiteElo "2331"]
[BlackElo "2507"]
[PlyCount "120"]
[EventDate "2009.10.17"]
[EventType "team"]
[EventRounds "11"]
[EventCountry "AUT"]
[WhiteTeam "SV Tschaturanga Neubau"]
[BlackTeam "SK Zwettl"]

1.d4 Nf6 2.c4 e6 3.Nc3 Bb4 4.e3 O-O 5.Bd3 c5 6.Nf3 b6 7.O-O Bb7 8.Na4 cxd4 9.a3
Be7 10.exd4 d6 11.Re1 Nbd7 12.b4 Re8 13.Nc3 a6 14.h3 Bf8 15.Bf4 Rc8 16.Rc1 g6
17.Bg5 h6 18.Bf4 Nh5 19.Bh2 Ndf6 20.Nb1 Qd7 21.Nbd2 Bc6 22.Qe2 Rcd8 23.Bb1 Qb7
24.Qf1 Qa8 25.Bc2 Rc8 26.Bd3 a5 27.Ra1 Bb7 28.Rec1 Red8 29.Qe2 g5 30.Bc2 Bg7
31.Re1 Nf4 32.Qe3 Bxf3 33.Bxf4 Bxg2 34.Bxg5 hxg5 35.Qxg5 Bxh3 36.Re3 Bg4 37.Rg3
Kf8 38.Re1 axb4 39.axb4 Qa2 40.Bd1 Bh8 41.Bxg4 Ke7 42.Bxe6 fxe6 43.Qf5 Kd7
44.Rxe6 Kc7 45.Nb3 Re8 46.c5 Rxe6 47.Qxe6 Qb1+ 48.Kh2 Qh7+ 49.Kg1 Qd7 50.cxb6+
Kxb6 51.Qe3 Nd5 52.Qg5 Qe6 53.b5 Qe1+ 54.Kg2 Qe4+ 55.Kf1 Bxd4 56.Nxd4 Qxd4
57.Rg4 Qe5 58.Qd2 Rf8 59.Qd4+ Qxd4 60.Rxd4 Rf5

[Event "2. Bundesliga Ost 2009/2010"]
[Site "17+18.10Zwettl14+15.11Poechlarn"]
[Date "2009.10.18"]
[Round "2"]
[Board "2"]
[White "Blatny, Pavel"]
[Black "Kleiser, Gregor"]
[Result "1-0"]
[WhiteElo "2407"]
[BlackElo "2313"]
[PlyCount "139"]
[EventDate "2009.10.17"]
[EventType "team"]
[EventRounds "11"]
[EventCountry "AUT"]
[WhiteTeam "SK Zwettl"]
[BlackTeam "SV Tschaturanga Neubau"]

1.b3 d5 2.e3 Bf5 3.Bb2 e6 4.d3 Nf6 5.Nd2 Be7 6.h3 O-O 7.g4 Bg6 8.g5 Nfd7 9.h4 f6
10.Bh3 Bf7 11.f4 c5 12.Qg4 Nc6 13.O-O-O a5 14.Ne2 a4 15.Rdg1 f5 16.Qf3 axb3
17.axb3 Ra2 18.Nc3 Rxb2 19.Kxb2 d4 20.Ne2 dxe3 21.Qxe3 Nb6 22.h5 Nd5 23.Qf2 b5
24.Bg2 Qa5 25.Bxd5 exd5 26.Ra1 Qc7 27.c3 c4 28.Nd4 Nxd4 29.Qxd4 Bc5 30.Qe5 Bd6
31.Qxf5 b4 32.dxc4 Bxf4 33.g6 bxc3+ 34.Kxc3 Qe5+ 35.Qxe5 Bxe5+ 36.Kd3 dxc4+
37.Ke4 Bxa1 38.gxf7+ Rxf7 39.Rxa1 Re7+ 40.Kf4 cxb3 41.Nxb3 Rf7+ 42.Kg4 h6 43.Nd4
Kh7 44.Nf3 Re7 45.Ra6 Re4+ 46.Kf5 Rb4 47.Rd6 Rb3 48.Ke4 Ra3 49.Kf4 Ra1 50.Kg4
Ra5 51.Rd4 Ra1 52.Rd5 Ra4+ 53.Nd4 Ra6 54.Rd7 Kh8 55.Nf5 g6 56.Nxh6 gxh5+ 57.Kg5
Rb6 58.Rc7 Ra6 59.Rb7 Ra5+ 60.Nf5 Kg8 61.Rd7 Kf8 62.Kf6 Ke8 63.Rd6 Ra8 64.Ng7+
Kf8 65.Ne6+ Kg8 66.Kg6 h4 67.Nc7 Rc8 68.Nd5 Kf8 69.Rd7 h3 70.Nf6

[Event "2. Bundesliga Ost 2009/2010"]
[Site "17+18.10Zwettl14+15.11Poechlarn"]
[Date "2009.10.18"]
[Round "2"]
[Board "3"]
[White "Kreindl, Helmut"]
[Black "Pisk, Petr"]
[Result "1-0"]
[WhiteElo "2194"]
[BlackElo "2346"]
[PlyCount "97"]
[EventDate "2009.10.17"]
[EventType "team"]
[EventRounds "11"]
[EventCountry "AUT"]
[WhiteTeam "SV Tschaturanga Neubau"]
[BlackTeam "SK Zwettl"]

1.d4 Nf6 2.Bg5 d5 3.e3 c6 4.Bd3 Bg4 5.Ne2 e6 6.f3 Bh5 7.Nf4 Bg6 8.Nxg6 hxg6
9.Nd2 Qc7 10.Bf4 Bd6 11.Bxd6 Qxd6 12.f4 c5 13.c3 Nc6 14.a3 O-O-O 15.Nf3 Nd7
16.Ne5 Ndxe5 17.fxe5 Qe7 18.O-O f6 19.Bb5 Qc7 20.Bxc6 bxc6 21.Qg4 fxe5 22.Qxe6+
Rd7 23.dxc5 Kb8 24.Qxg6 d4 25.Qe4 dxc3 26.bxc3 Rd5 27.Qb4+ Ka8 28.e4 Rd2 29.Rad1
Qd7 30.Rxd2 Qxd2 31.Rb1 Qd7 32.a4 Rf8 33.a5 Qc8 34.Qc4 Qc7 35.Qe6 Rd8 36.a6 Qd7
37.Qb3 g5 38.h3 Qc8 39.Qb7+ Qxb7 40.Rxb7 g4 41.Rg7 gxh3 42.gxh3 Kb8 43.Rb7+ Kc8
44.Rxa7 Rd3 45.Re7 Kb8 46.Kg2 Rxc3 47.Rxe5 Ka7 48.h4 Kxa6 49.h5

[Event "2. Bundesliga Ost 2009/2010"]
[Site "17+18.10Zwettl14+15.11Poechlarn"]
[Date "2009.10.18"]
[Round "2"]
[Board "4"]
[White "Vyskocil, Neklan"]
[Black "Ernst, Michael"]
[Result "1-0"]
[WhiteElo "2355"]
[BlackElo "2166"]
[PlyCount "99"]
[EventDate "2009.10.17"]
[EventType "team"]
[EventRounds "11"]
[EventCountry "AUT"]
[WhiteTeam "SK Zwettl"]
[BlackTeam "SV Tschaturanga Neubau"]

1.c4 Nf6 2.Nc3 d5 3.cxd5 Nxd5 4.g3 e5 5.Bg2 Nb6 6.d3 Be7 7.Be3 O-O 8.Rc1 Re8
9.a3 Bf8 10.Nf3 Nc6 11.O-O f6 12.Ne4 Be6 13.Nc5 Bxc5 14.Bxc5 Qd7 15.Re1 Nd5
16.e4 Nde7 17.d4 exd4 18.Nxd4 Nxd4 19.Qxd4 Qxd4 20.Bxd4 c6 21.Bc5 Kf7 22.f4 Rec8
23.f5 Ba2 24.g4 b6 25.Bd6 a6 26.Rc3 Rd8 27.Bxe7 Kxe7 28.Rxc6 Rab8 29.e5 fxe5
30.Rxe5+ Kf7 31.g5 Rdc8 32.f6 Rxc6 33.Re7+ Kf8 34.Bxc6 gxf6 35.gxf6 Rc8 36.Be4
Bb1 37.Bd5 Rd8 38.Bb3 Rd6 39.Re6 Rxe6 40.Bxe6 Bg6 41.Kf2 Bf7 42.Bf5 Bg6 43.Bxg6
hxg6 44.Ke3 Kf7 45.Kd4 Kxf6 46.Kd5 Kf5 47.Kc6 b5 48.Kb6 Kg4 49.Kxa6 Kh3 50.Kxb5

[Event "2. Bundesliga Ost 2009/2010"]
[Site "17+18.10Zwettl14+15.11Poechlarn"]
[Date "2009.10.18"]
[Round "2"]
[Board "5"]
[White "Ponjican, Erich"]
[Black "Stadler, Peter"]
[Result "1-0"]
[WhiteElo "2170"]
[BlackElo "2169"]
[PlyCount "59"]
[EventDate "2009.10.17"]
[EventType "team"]
[EventRounds "11"]
[EventCountry "AUT"]
[WhiteTeam "SV Tschaturanga Neubau"]
[BlackTeam "SK Zwettl"]

1.e4 c5 2.Nf3 e6 3.d4 cxd4 4.Nxd4 Nf6 5.Nc3 d6 6.Bg5 a6 7.f4 b5 8.e5 dxe5 9.fxe5
Qc7 10.Nf3 Nfd7 11.Ne4 Bb7 12.Nd6+ Bxd6 13.exd6 Qc5 14.Qd2 Ne5 15.O-O-O Nbd7
16.Nxe5 Qxe5 17.Be7 Bd5 18.Re1 Qh5 19.h4 f5 20.Be2 Qf7 21.Bf3 Bxf3 22.gxf3 Nb6
23.Rhg1 Nd5 24.Qd4 Rg8 25.Re2 Nxe7 26.d7+ Kd8 27.Qb6+ Kxd7 28.Qb7+ Kd6 29.Rd1+
Kc5 30.Qc7+

[Event "2. Bundesliga Ost 2009/2010"]
[Site "17+18.10Zwettl14+15.11Poechlarn"]
[Date "2009.10.18"]
[Round "2"]
[Board "1"]
[White "Hodisch, Juri"]
[Black "Videki, Sandor"]
[Result "1/2-1/2"]
[WhiteElo "2349"]
[BlackElo "2450"]
[PlyCount "69"]
[EventDate "2009.10.17"]
[EventType "team"]
[EventRounds "11"]
[EventCountry "AUT"]
[WhiteTeam "Aljechin/Wieden"]
[BlackTeam "Spg Data Technology Eichgraben/P."]

1.d4 d5 2.c4 c6 3.Nf3 Nf6 4.Nc3 dxc4 5.a4 Bf5 6.Ne5 Nbd7 7.Nxc4 Qc7 8.g3 e5
9.dxe5 Nxe5 10.Bf4 Nfd7 11.Bg2 g5 12.Ne3 gxf4 13.Nxf5 O-O-O 14.Qc2 Kb8 15.Rc1
Nf6 16.O-O fxg3 17.hxg3 h5 18.Rfd1 Rxd1+ 19.Rxd1 Bc5 20.Ne4 Nxe4 21.Qxe4 a5
22.e3 Ng6 23.Qc4 Bb6 24.b4 Ne5 25.Qe4 axb4 26.Qxb4 Rd8 27.Rb1 Ba5 28.Qc5 Ka8
29.Nd4 h4 30.gxh4 Rg8 31.f4 Nd3 32.Qf5 Ne1 33.Rb2 Bc3 34.Re2 Ba5 35.Rb2

[Event "2. Bundesliga Ost 2009/2010"]
[Site "17+18.10Zwettl14+15.11Poechlarn"]
[Date "2009.10.18"]
[Round "2"]
[Board "2"]
[White "Ganaus, Hannes"]
[Black "Groetz, Harald"]
[Result "1-0"]
[WhiteElo "2281"]
[BlackElo "2332"]
[PlyCount "119"]
[EventDate "2009.10.17"]
[EventType "team"]
[EventRounds "11"]
[EventCountry "AUT"]
[WhiteTeam "Spg Data Technology Eichgraben/P."]
[BlackTeam "Aljechin/Wieden"]

1.d4 d5 2.c4 c6 3.Nf3 Nf6 4.Nc3 dxc4 5.a4 Bf5 6.Ne5 Nbd7 7.Nxc4 Nb6 8.Ne5 a5
9.Bg5 h6 10.Bh4 Nfd7 11.e4 Nxe5 12.exf5 Nec4 13.b3 Nd6 14.g4 h5 15.h3 Qd7 16.Bg2
hxg4 17.hxg4 g6 18.d5 Bg7 19.f6 Bxf6 20.Bxf6 Rxh1+ 21.Bxh1 exf6 22.dxc6 bxc6
23.Qd4 Ndc8 24.Qe3+ Kf8 25.Rd1 Qe7 26.Bxc6 Qxe3+ 27.fxe3 Ra7 28.Nb5 Re7 29.Rd8+
Kg7 30.Kf2 Re5 31.Bb7 Rc5 32.Nd6 Nxd6 33.Rxd6 Nc8 34.Bxc8 Rxc8 35.Rd5 Ra8 36.Rb5
Ra7 37.Rb6 Kh6 38.Kf3 Kg5 39.Rb5+ Kh4 40.Kf4 Kh3 41.Rb6 Kg2 42.Rxf6 Kf2 43.Rb6
Ke2 44.Rb5 Kd3 45.e4 Kc3 46.e5 Kd4 47.Kg5 Ke4 48.Kf6 Kf3 49.g5 Kf4 50.Rb6 Kg4
51.Rb5 Kh5 52.Rb8 Rc7 53.Ra8 Rb7 54.Rxa5 Rxb3 55.Kxf7 Rf3+ 56.Ke7 Kxg5 57.e6+
Kh6 58.Kd6 Kg7 59.Ra7+ Kg8 60.Ra8+

[Event "2. Bundesliga Ost 2009/2010"]
[Site "17+18.10Zwettl14+15.11Poechlarn"]
[Date "2009.10.18"]
[Round "2"]
[Board "3"]
[White "Schlosser, Michael"]
[Black "Neumeier, Klaus"]
[Result "1-0"]
[WhiteElo "2345"]
[BlackElo "2391"]
[PlyCount "79"]
[EventDate "2009.10.17"]
[EventType "team"]
[EventRounds "11"]
[EventCountry "AUT"]
[WhiteTeam "Aljechin/Wieden"]
[BlackTeam "Spg Data Technology Eichgraben/P."]

1.e4 e5 2.Nf3 Nc6 3.Bb5 a6 4.Ba4 Nf6 5.O-O Be7 6.Bxc6 dxc6 7.Re1 Bg4 8.h3 Bxf3
9.Qxf3 O-O 10.d3 Nd7 11.Qg3 Bh4 12.Qg4 Nc5 13.Nd2 Bg5 14.Nc4 Bxc1 15.Raxc1 Qf6
16.Rf1 Qf4 17.Qh5 Nd7 18.g3 Qf6 19.Kh2 Qe6 20.b3 g6 21.Qe2 Rae8 22.f4 f5 23.exf5
Rxf5 24.Rce1 Rf6 25.fxe5 Rxf1 26.Qxf1 b5 27.Nd2 Nxe5 28.Re4 c5 29.c3 Qd7 30.Qe2
Qf5 31.g4 Qg5 32.d4 cxd4 33.cxd4 Rd8 34.Rxe5 Qf4+ 35.Kg2 Qxd4 36.Nf3 Qa1 37.Re8+
Rxe8 38.Qxe8+ Kg7 39.Qe7+ Kg8 40.Qd8+

[Event "2. Bundesliga Ost 2009/2010"]
[Site "17+18.10Zwettl14+15.11Poechlarn"]
[Date "2009.10.18"]
[Round "2"]
[Board "4"]
[White "Weissenbeck, Manuel"]
[Black "Wirius, Johannes"]
[Result "1-0"]
[WhiteElo "2252"]
[BlackElo "2177"]
[PlyCount "93"]
[EventDate "2009.10.17"]
[EventType "team"]
[EventRounds "11"]
[EventCountry "AUT"]
[WhiteTeam "Spg Data Technology Eichgraben/P."]
[BlackTeam "Aljechin/Wieden"]

1.d4 e6 2.Nf3 d5 3.c4 Nf6 4.Nc3 Be7 5.Bg5 O-O 6.e3 Nbd7 7.Rc1 c6 8.Bd3 Re8 9.O-O
dxc4 10.Bxc4 Nd5 11.Bxe7 Qxe7 12.e4 N5b6 13.Bb3 e5 14.d5 Nc5 15.h3 Bd7 16.Bc2
Rad8 17.Qe2 cxd5 18.exd5 g6 19.Rfe1 f6 20.Nd2 Bf5 21.b4 Na6 22.Bxf5 gxf5 23.a3
Nxd5 24.Nxd5 Rxd5 25.Nc4 Nc7 26.Ne3 Rd7 27.Nxf5 Qe6 28.Qh5 Nd5 29.Rc4 Kh8 30.Rg4
Rg8 31.Ree4 Rxg4 32.hxg4 Rd8 33.Qh6 Rg8 34.f3 Ne7 35.Nh4 Qf7 36.Re2 Qg7 37.Qxg7+
Kxg7 38.Rd2 Rc8 39.Rd7 Kf8 40.Rxb7 Ra8 41.a4 a5 42.b5 Rc8 43.Ra7 Rc4 44.Rxa5 h5
45.Nf5 Nxf5 46.gxf5 Kg7 47.b6

[Event "2. Bundesliga Ost 2009/2010"]
[Site "17+18.10Zwettl14+15.11Poechlarn"]
[Date "2009.10.18"]
[Round "2"]
[Board "6"]
[White "Pichler, Michael"]
[Black "Batyte, Daiva"]
[Result "1/2-1/2"]
[WhiteElo "2154"]
[BlackElo "2124"]
[PlyCount "60"]
[EventDate "2009.10.17"]
[EventType "team"]
[EventRounds "11"]
[EventCountry "AUT"]
[WhiteTeam "Spg Data Technology Eichgraben/P."]
[BlackTeam "Aljechin/Wieden"]

1.e4 e5 2.Nf3 Nf6 3.Nc3 Nc6 4.d4 exd4 5.Nxd4 Bb4 6.Nxc6 bxc6 7.Bd3 d5 8.exd5
cxd5 9.O-O O-O 10.Bg5 c6 11.Qf3 h6 12.Bxf6 Qxf6 13.Qxf6 gxf6 14.Ne2 Bd6 15.Rad1
Rb8 16.b3 a5 17.Nd4 c5 18.Nf5 Bxf5 19.Bxf5 Rfd8 20.g3 Be5 21.Bg4 Bc3 22.Bf3 d4
23.Be2 a4 24.Kg2 a3 25.Kf3 Re8 26.g4 Re5 27.Bd3 Kg7 28.Rg1 Rbe8 29.h4 Ba5 30.Rb1
R8e7

[Event "2. Bundesliga Ost 2009/2010"]
[Site "17+18.10Zwettl14+15.11Poechlarn"]
[Date "2009.10.18"]
[Round "2"]
[Board "1"]
[White "Farago, Ivan"]
[Black "Lucaci, Marius"]
[Result "1-0"]
[WhiteElo "2511"]
[BlackElo "2153"]
[PlyCount "69"]
[EventDate "2009.10.17"]
[EventType "team"]
[EventRounds "11"]
[EventCountry "AUT"]
[WhiteTeam "ASVOE VHS Poechlarn"]
[BlackTeam "1. Wr. Neustaedter SV"]

1.d4 d5 2.c4 c6 3.Nc3 Nf6 4.Nf3 Bf5 5.Qb3 Qb6 6.c5 Qc7 7.Bf4 Qc8 8.h3 h6 9.e3
Nbd7 10.Be2 e6 11.O-O Be7 12.Rfc1 O-O 13.Qd1 Bd8 14.b4 Bc7 15.b5 Re8 16.a4 Ne4
17.Bxc7 Qxc7 18.a5 Nxc3 19.Rxc3 a6 20.bxa6 bxa6 21.Rb3 Reb8 22.Rb6 Rxb6 23.axb6
Qb7 24.Nd2 a5 25.Nb3 a4 26.Nd2 Nxb6 27.cxb6 Qxb6 28.Rxa4 Rb8 29.Ra6 Qb2 30.Rxc6
Ra8 31.Ba6 Kh7 32.Nf1 Qa3 33.Be2 Rb8 34.Ra6 Qc3 35.Qa1

[Event "2. Bundesliga Ost 2009/2010"]
[Site "17+18.10Zwettl14+15.11Poechlarn"]
[Date "2009.10.18"]
[Round "2"]
[Board "2"]
[White "Todor, Razvan"]
[Black "Kostic, Vladimir"]
[Result "0-1"]
[WhiteElo "2201"]
[BlackElo "2430"]
[PlyCount "56"]
[EventDate "2009.10.17"]
[EventType "team"]
[EventRounds "11"]
[EventCountry "AUT"]
[WhiteTeam "1. Wr. Neustaedter SV"]
[BlackTeam "ASVOE VHS Poechlarn"]

1.e4 e6 2.d4 d5 3.Nd2 dxe4 4.Nxe4 Bd7 5.Nf3 Bc6 6.Bd3 Nd7 7.O-O Ngf6 8.Qe2 Bxe4
9.Bxe4 Nxe4 10.Qxe4 c6 11.c4 Be7 12.b3 O-O 13.Bb2 Qa5 14.Ne5 Nxe5 15.dxe5 Rfd8
16.Bd4 Rd7 17.Be3 Rad8 18.h3 Rd3 19.Kh1 Bc5 20.Bg5 R8d4 21.Qe2 Bf8 22.f4 h6
23.Bh4 Qd2 24.Qxd2 Rxd2 25.Be1 Rc2 26.g3 Re4 27.Bf2 Ree2 28.Kg1 Bc5

[Event "2. Bundesliga Ost 2009/2010"]
[Site "17+18.10Zwettl14+15.11Poechlarn"]
[Date "2009.10.18"]
[Round "2"]
[Board "3"]
[White "Rumpl, Erwin"]
[Black "Steiner, Adam"]
[Result "1/2-1/2"]
[WhiteElo "2334"]
[BlackElo "2188"]
[PlyCount "83"]
[EventDate "2009.10.17"]
[EventType "team"]
[EventRounds "11"]
[EventCountry "AUT"]
[WhiteTeam "ASVOE VHS Poechlarn"]
[BlackTeam "1. Wr. Neustaedter SV"]

1.d4 Nf6 2.Nf3 c5 3.dxc5 e6 4.g3 Bxc5 5.Bg2 O-O 6.O-O Nc6 7.c4 d5 8.cxd5 Nxd5
9.a3 Be7 10.e4 Nb6 11.Nc3 e5 12.Be3 Be6 13.Qc2 Qc7 14.Bxb6 Qxb6 15.Nd5 Bxd5
16.exd5 Nd4 17.Nxd4 exd4 18.Rac1 Bf6 19.Rfd1 Rfe8 20.Rd3 Qa5 21.Bf3 Re1+ 22.Rxe1
Qxe1+ 23.Kg2 Qe7 24.Qa4 Qe8 25.Qb4 Qd7 26.Rd2 Rc8 27.Qb3 g6 28.Re2 Rc5 29.Qd3
Kg7 30.Qe4 b6 31.Qe8 Qxe8 32.Rxe8 d3 33.Re3 d2 34.Rd3 Bxb2 35.Rxd2 Bxa3 36.d6
Rc8 37.d7 Rd8 38.Ra2 Bc5 39.Rxa7 b5 40.Rb7 b4 41.Bc6 Kf6 42.Rb5